000 00361cpm a2200109 4500
008 090206n eng u
035 _a(Sirsi) a164020
050 _aDS 557.A5
100 1 _aCrawford, Ann Caddell
245 _aCustoms and culture of Vietnam/
_cby Ann Caddell Crawford; illustrations by Hau Dinh Cam.
260 _aTokyo:
_bCharles E. Tuttle,
_c1966.
999 _c110899
_d110899